000 00688nam a2200241Ia 4500
003 OSt
005 20220925172527.0
006 a|||||r|||| 00| 0
007 ta
008 220923b |||||||| |||| 00| 0 eng d
037 _cGeneral Book
040 _aRTL
_cRTL
_beng
041 _2eng
_aeng
082 _aW, K7
100 _aFriedrich Carl J
_9111977
245 0 _aIntroduction to political theory
_b Twelve lectures
260 _aBombay
_bJaico Publishing House
_c1967
300 _a143p
_ccm.
500 _aBibliography at the end of each chapter
650 _aPolitical Science
942 _hW, K7
_cGB
_2CC
999 _c485297
_d485297